| 000 | 00000nam##2200000za#4500 |
| 001 | 9.640882 |
| 003 | CaOODSP |
| 005 | 20230201095211 |
| 007 | cr ||||||||||| |
| 008 | 150407|2007||||xxc|||||o f|0| 0 fre|d |
| 040 | |aCaOODSP|bfre |
| 043 | |an-cn--- |
| 086 | 1 |aPS64-97/2007F-PDF |
| 110 | 2 |aGendarmerie royale du Canada. |
| 245 | 10|aFraude d'identité au Canada / |h[ressource électronique]|c[par] Renseignements criminels de la GRC. |
| 260 | |aOttawa - Ontario : |bGendarmerie royale du Canada |cJuillet 2007. |
| 300 | |a30p.|bill. en couleur, glossaire, références |
| 590 | |a12-40-Supp|b2012-10-23 |
| 691 | 07|aFraude|2gcpds |
| 775 | 08|tIdentity fraud in Canada / |w(CaOODSP)9.696777 |
| 856 | 40|ahttp://publications.gc.ca|qPDF|s930 Ko|uhttps://publications.gc.ca/collections/collection_2012/grc-rcmp/PS64-97-2007-fra.pdf |